Primes of the form x2 más ny2: fermat, class field theory, and complex multiplication
שמור ב:
| מחבר ראשי: | |
|---|---|
| פורמט: | ספר |
| שפה: | אנגלית |
| יצא לאור: |
Nueva York
John Wiley and Sons
1989
|
| סדרה: | Pure and Applied Mathematics
|
| נושאים: | |
| תגים: |
הוספת תג
אין תגיות, היה/י הראשונ/ה לתייג את הרשומה!
|
MARC
| LEADER | 00000cam a2200000 a 4500 | ||
|---|---|---|---|
| 001 | UCF0850 | ||
| 003 | CL-VaPUC | ||
| 008 | 120614e19890000US |||||||||||||||||eng|d | ||
| 020 | |a 9780471190790 | ||
| 082 | 0 | 4 | |a 512.72 |b COX |2 21 |
| 100 | 0 | |a Cox, David A |e author |9 562552 | |
| 245 | 1 | 0 | |a Primes of the form x2 más ny2: fermat, class field theory, and complex multiplication |
| 300 | |a 351 p | ||
| 942 | |c BK | ||
| 945 | |d 20120614 00:00:00 |a cmena | ||
| 260 | |a Nueva York |b John Wiley and Sons |c 1989 | ||
| 650 | 7 | |a NUMEROS PRIMOS |2 CL-VaPUC |9 270336 | |
| 650 | 0 | |a Teoría de números |9 265327 | |
| 650 | 0 | |a Funciones (Matemáticas) |9 338128 | |
| 583 | |a last modification |c 20130325 03:38:56 |k Rodrigo Vera | ||
| 490 | 0 | |a Pure and Applied Mathematics | |
| 999 | |c 347948 |d 347946 | ||
| 952 | |0 0 |1 0 |4 0 |6 512_720000000000000_COX_1989 |7 0 |8 A |9 449754 |a BIBMAT |b BIBMAT |d 2019-11-22 |i 4876016 |l 2 |o 512.72 COX 1989 |p 4876016 |r 2025-01-07 |s 2024-05-09 |w 2019-11-22 |y BK |k MAT | ||